| 000 | 00531nam a2200169 4500 | ||
|---|---|---|---|
| 001 | 201764 | ||
| 090 | _a201764 | ||
| 100 | _a20260414 pory50 | ||
| 200 |
_aViagem à literatura portuguesa contemporânea _fCremilda de Araújo Medina |
||
| 210 |
_aRio de Janeiro _cNórdica _dcop. 1983 |
||
| 215 |
_a567 p. _cil. ; brochado _d21 cm |
||
| 606 |
_93661 _aCrítica Literária.Estudos Literários |
||
| 675 |
_a82.09 _vPT _zpor |
||
| 700 |
_916846 _aMedina _bCremilda de Araújo |
||
| 801 |
_aPT _bBMMN _gRPC |
||
| 830 | _cVanda | ||
| 990 | _cLIVROS | ||